Interrelation between properties of viscous oils and the level of thermal flux in territories of the Volgo-Uralskiy, Western Siberian and Timano-Pechorskiy pools; Bulletin of the Tomsk Polytechnic University; Vol. 311, № 1
| Parent link: | Bulletin of the Tomsk Polytechnic University/ Tomsk Polytechnic University (TPU).— , 2006-2007 Vol. 311, № 1.— 2007.— [P. 69-72] |
|---|---|
| Hlavní autor: | |
| Shrnutí: | Заглавие с титульного листа Электронная версия печатной публикации Fluctuations of basic properties of viscous oils of the Volgo-Uralskiy, Western Siberian and Timano-Pechorskiy oil-and-gas-bearing basins have been investigated depending on the level of thermal flux. The gaging analysis of spatial distribution of a thermal flux in territory of basins has been carried out. The dependence between thermal flux level and oil viscosity is established. It is shown that oil viscosity decreases with increase in thermal flux level. Interrelations between different contents of sulphur, paraffin, pitches and asphaltenes in oils and thermal flux level are studied. It is shown that with increase of thermal flux level the content of sulphur, pitches and asphaltenes decreases and the content of paraffin increases |
| Jazyk: | angličtina |
| Vydáno: |
2007
|
| Edice: | Geology of oil and gas |
| Témata: | |
| On-line přístup: | http://www.lib.tpu.ru/fulltext/v/Bulletin_TPU/2007/v311eng/i1/12.pdf |
| Médium: | Elektronický zdroj Kapitola |
| KOHA link: | https://koha.lib.tpu.ru/cgi-bin/koha/opac-detail.pl?biblionumber=182508 |
MARC
| LEADER | 00000nla2a2200000 4500 | ||
|---|---|---|---|
| 001 | 182508 | ||
| 005 | 20231031171324.0 | ||
| 035 | |a (RuTPU)RU\TPU\book\197848 | ||
| 035 | |a RU\TPU\book\197847 | ||
| 090 | |a 182508 | ||
| 100 | |a 20100622d2007 k y0rusy50 ca | ||
| 101 | 1 | |a eng |c rus | |
| 102 | |a RU | ||
| 135 | |a drnn ---uucaa | ||
| 200 | 1 | |a Interrelation between properties of viscous oils and the level of thermal flux in territories of the Volgo-Uralskiy, Western Siberian and Timano-Pechorskiy pools |b Electronic resource |f I. G. Yaschenko | |
| 203 | |a Text |c electronic | ||
| 215 | |a 1 файл (182 Кб) | ||
| 225 | 1 | |a Geology of oil and gas | |
| 230 | |a Электронные текстовые данные (1 файл : 182 Кб) | ||
| 300 | |a Заглавие с титульного листа | ||
| 300 | |a Электронная версия печатной публикации | ||
| 320 | |a [Bibliography: p. 72 (15 titles)] | ||
| 330 | |a Fluctuations of basic properties of viscous oils of the Volgo-Uralskiy, Western Siberian and Timano-Pechorskiy oil-and-gas-bearing basins have been investigated depending on the level of thermal flux. The gaging analysis of spatial distribution of a thermal flux in territory of basins has been carried out. The dependence between thermal flux level and oil viscosity is established. It is shown that oil viscosity decreases with increase in thermal flux level. Interrelations between different contents of sulphur, paraffin, pitches and asphaltenes in oils and thermal flux level are studied. It is shown that with increase of thermal flux level the content of sulphur, pitches and asphaltenes decreases and the content of paraffin increases | ||
| 337 | |a Adobe Reader | ||
| 461 | 1 | |0 (RuTPU)RU\TPU\book\169973 |t Bulletin of the Tomsk Polytechnic University |f Tomsk Polytechnic University (TPU) |d 2006-2007 | |
| 463 | 1 | |0 (RuTPU)RU\TPU\book\197808 |x 1684-8519 |t Vol. 311, № 1 |v [P. 69-72] |d 2007 |p 139 p. | |
| 610 | 1 | |a properties | |
| 610 | 1 | |a viscous oils | |
| 610 | 1 | |a thermal flux | |
| 610 | 1 | |a Volgo-Uralskiy pool | |
| 610 | 1 | |a Western Siberian Plate | |
| 610 | 1 | |a Timano-Pechorskiy pool | |
| 610 | 1 | |a oil-and-gas-bearing basins | |
| 610 | 1 | |a spatial distribution | |
| 610 | 1 | |a viscosity | |
| 610 | 1 | |a sulphur | |
| 610 | 1 | |a paraffin | |
| 610 | 1 | |a pitches | |
| 610 | 1 | |a asphaltenes | |
| 610 | 1 | |a электронный ресурс | |
| 675 | |a 550. 361:553.982 |v 3 | ||
| 700 | 1 | |a Yaschenko |b I. G. | |
| 801 | 1 | |a RU |b 63413507 |c 20090623 |g PSBO | |
| 801 | 2 | |a RU |b 63413507 |c 20110331 |g PSBO | |
| 856 | 4 | |u http://www.lib.tpu.ru/fulltext/v/Bulletin_TPU/2007/v311eng/i1/12.pdf | |
| 942 | |c CF | ||